Tecnología e innovación en la empresa : dirección y gestión /

Guardat en:
Dades bibliogràfiques
Autor principal: Escorsa Castells, Pere (autor)
Altres autors: Valls Pasola, Jaume (autor) (autor)
Format: Llibre
Idioma:espanyol
Publicat: Barcelona, España : Universidad Politécnica de Cataluña, 1997, c1997
Col·lecció:(Politext ; 65)
Matèries:
Etiquetes: Afegir etiqueta
Sense etiquetes, Sigues el primer a etiquetar aquest registre!

MARC

LEADER 00000nam^a2200000^a^4500
001 000146429
005 20250521000000.0
009 20260310095911.604
020 |a 84-8301-225-1 
037 |a Acervo ITESO - Biblioteca 
041 |a ESP 
082 |a 658. 514  |b ESC 
100 |a Escorsa Castells, Pere  |e (autor) 
240 1 1 |a [Tecnología e innovación en la empresa: dirección y gestión] 
245 1 0 |a Tecnología e innovación en la empresa :  |b dirección y gestión /  |c P. Escorsa Castells, J. Valls Pasola. 
264 4 |a Barcelona, España :  |b Universidad Politécnica de Cataluña,  |c 1997, c1997 
300 |a 282 p. 
336 |a texto  |b txt  |2 rdacontenido 
337 |a sin mediación  |b n  |2 rdamedio 
338 |a volumen  |b nc  |2 rdasoporte 
440 1 |a (Politext ;  |v 65) 
521 |a 2012-2016 BO Currículum Universitario 
521 |a 2016 BO Licenciatura en Ingeniería en Redes y Telecomunicaciones Acreditación 
649 |a XX 
650 |a Empresas -  |x Administración 
650 |a Transferencia de Tecnología 
650 |a Desarrollo Tecnológico -  |x Tema Principal 
650 |a Desarrollo de Productos Nuevos 
650 |a Innovación Administrativa -  |x Tema Principal 
650 |a Patentes 
650 |a Alianzas Estratégicas y Clusters 
650 |a Proceso Administrativo -  |x Dirección 
650 |a Mercadotecnia 
650 |a Administración 
650 |a Ciencias Administrativas 
700 |a Valls Pasola, Jaume  |e (autor) 
910 |a Fondo General 
920 |a Impresos - Libros 
930 |a Colección General 
905 |a 101 
901 |a 0500075600  |b IT1  |c ACC  |u 20250521 
902 |a https://opac.biblio.iteso.mx/vufind/Record/000146429